| 000 | 02194nam1a2200373 i 4500 | ||
|---|---|---|---|
| 001 | RU\NLR\bibl\1950184 | ||
| 005 | 20260408081545.0 | ||
| 035 | _a(NLR Aleph) 001939341 | ||
| 090 |
_a3543827 _c3543827 |
||
| 100 | _a20121001g20129999k y0rusy50 ca | ||
| 101 | 0 | _arus | |
| 102 | _aRU | ||
| 105 | _a||||z ||||| | ||
| 200 | 1 |
_aНаука и современность - 2012 _eсборник материалов XV международной научно-практической конференции, Новосибирск, 14 марта 2012 г. _e[в 4 ч.] _fпод общ. ред к.э.н. С.С. Чернова |
|
| 210 |
_aНовосибирск _cЦентр развития научного сотрудничества _cИзд-во НГТУ _d2012 |
||
| 215 | _d21 | ||
| 300 | _aВ вып. дан. загл.: Сборник материалов XV международной научно-практической конференции "Наука и современность - 2012" | ||
| 300 | _aВ надзаг.: Центр развития науч. сотрудничества | ||
| 463 | 0 | _10011910763 | |
| 463 | 0 | _10011911047 | |
| 463 | 0 | _10011910324 | |
| 463 | 0 | _10011907429 | |
| 517 | 0 | _aСборник материалов XV международной научно-практической конференции "Наука и современность - 2012" | |
| 606 | 1 |
_aНаучные конференции _jСборники _yНовосибирск, город _92620100 _3RU\NLR\AUTH\661556660 |
|
| 686 | _aЯ431(2Р-4Нов-2Н) | ||
| 702 | 1 |
_4340 _8rus _7ca _aЧернов _bС. С. _cканд. экон. наук _f1979- _gСергей Сергеевич _3RU\NLR\AUTH\7768307 _951235 |
|
| 711 | 1 | 2 |
_4570 _a"Наука и современность - 2012", международная научно-практическая конференция _d15 _eНовосибирск _3RU\NLR\AUTH\8810221949 _9328744 |
| 801 | 0 |
_aRU _bNLR _c20121001 _gRCR |
|
| 801 | 1 |
_aRU _bNLR _c20121001 |
|
| 830 | _aред. по базе | ||
| 852 |
_aNLR _j2012-3/17301 |
||
| 942 | _cBOOK | ||